Online
Catalog
Normal view MARC view

Entry Nombre corporativo

Number of records used in: 20

001 - NÚMERO DE CONTROL

  • campo de control: 5214

003 - IDENTIFICADOR DEL NÚMERO DE CONTROL

  • campo de control: BNPHU

005 - FECHA Y HORA DE LA ÚLTIMA TRANSACCIÓN

  • campo de control: 20240304181731.0

008 - DATOS DE LONGITUD FIJA

  • campo de control de longitud fija: 200615|| aca||aabn | a|a d

010 ## - NÚMERO DE CONTROL DE LA BIBLIOTECA DEL CONGRESO

  • Número de control de LC: n 81126881

040 ## - FUENTE DE LA CATALOGACIÓN

  • Centro catalogador/agencia de origen: DO-SdBNP
  • Lengua de catalogación: spa
  • Centro/agencia transcriptor: BNPHU
  • Normas de descripción: rda

110 2# - ENCABEZAMIENTO-NOMBRE DE ENTIDAD CORPORATIVA

  • Nombre de entidad corporativa o nombre de jurisdicción como elemento de entrada: Partido Revolucionario Dominicano

370 ## - LUGAR ASOCIADO

  • Lugar de nacimiento: República Dominicana

372 ## - CAMPO DE ACTIVIDAD

  • Campo de actividad: República Dominicana - Política y gobierno

377 ## - LENGUA/LENGUAJE ASOCIADO

  • Código del idioma: spa
  • Término de lengua/lenguaje: Español

410 2# - TRAZADO DE VÉASE--NOMBRE DE ENTIDAD CORPORATIVA

  • Nombre de entidad corporativa o nombre de jurisdicción como elemento de entrada: P.R.D. (Partido Revolucionario Dominicano)

410 2# - TRAZADO DE VÉASE--NOMBRE DE ENTIDAD CORPORATIVA

  • Nombre de entidad corporativa o nombre de jurisdicción como elemento de entrada: Perredé (Partido político : República Dominicana)

410 2# - TRAZADO DE VÉASE--NOMBRE DE ENTIDAD CORPORATIVA

  • Nombre de entidad corporativa o nombre de jurisdicción como elemento de entrada: PRD (Partido Revolucionario Dominicano)

500 ## - TRAZADO DE VÉASE ADEMÁS--NOMBRE DE PERSONA

  • Nombre de persona: Juan Bosch
  • Fechas asociadas al nombre: 1909-2001
  • Información de relación/Frase instructiva de referencia: Fundador :

500 ## - TRAZADO DE VÉASE ADEMÁS--NOMBRE DE PERSONA

  • Nombre de persona: Peña Gómez, José Francisco
  • Información de relación/Frase instructiva de referencia: Oficial

670 ## - FUENTE DE DATOS ENCONTRADOS

  • Cita de la fuente: La historia del hombre ... 1943.

670 ## - FUENTE DE DATOS ENCONTRADOS

  • Cita de la fuente: Velázquez-Mainardi, M. A. El pacto inevitable, 1981

670 ## - FUENTE DE DATOS ENCONTRADOS

  • Identificador Uniforme del Recurso: https://authorities.loc.gov/cgi-bin/Pwebrecon.cgi?AuthRecID=1927249&v1=1&HC=2&SEQ=20240304175236&PID=ZVrk_ffFO-zdvyShoV24WY9Dw_2GsHX

Powered by Koha